000 01770cam a2200145 4500500
005 20260329023158.0
041 _afre
042 _adc
100 1 0 _aJullier, Laurent
_eauthor
700 1 0 _aMarié, Michel
_eauthor
245 0 0 _aStar Wars : Anatomie d'une saga
260 _bArmand Colin,
_c2015.
520 _aStar Wars, comme disent ses fans, c'est tellement plus que du cinéma. Il y a les romans, les jeux, les BD, les sites internet, les costumes, les encyclopédies sans parler du programme de la défense nationale des Etats-Unis. Certes ; mais surtout, Star Wars est un univers qui s'adopte et qu'on utilise à la manière d'un jeu de construction pour produire à son tour et aussi pour réfléchir à des questions importantes. Un style de vie, parfois. Ce livre entend essayer de comprendre comment une saga de six films a pu engendrer un tel phénomène d'appropriation. Quels sont les facteurs susceptibles d'expliquer, en partant des seules données audiovisuelles qui proviennent de l'écran, pareil investissement - en termes de temps, d'argent, de confiance et d'amour - dans un univers de science-fiction ? Pour répondre, il faut décortiquer les films et tes comparer aux classiques de l'histoire du cinéma, il faut mesurer la différence entre les chevaliers du Moyen Âge et les chevaliers Jedi, consulter les sites spécialisés, regarder les courts-métrages réalisés par les fans, analyser les hommages et les parodies et s'attendre à voir apparaître des résultats qui n'étaient pas ceux que l'on attendait. Un livre pour tous ceux et toutes celles qui ont envie de réfléchir à ce qui fait l'essence du cinéma populaire.
856 4 1 _uhttps://shs.cairn.info/star-wars--9782200611743?lang=fr&redirect-ssocas=7080
999 _c1925267
_d1925267